000 01039cab a2200289 4500
001 ABS59489
008 090401t1998 xxu||||| |||| 00| 0 eng d
035 _a(Sirsi) u89331
041 _aeng
100 _aBlowers, Andrew
245 _aAs the twilight fades
260 _c1998
350 _a0
490 _aSolicitors` Journal
_v142(39) 16 October 1998, 935-940(2)
520 _aReviews two recent decisions on the forfeiture of a lease, one concerning the payment of rent arrears as a condition of relief, and the other concerning continued liability of sureties to a lease to pay rent between issue and service of the proceedings.
650 _aFORFEITURE OF LEASE
650 _aIVORY GATE LTD V SPETALE AND OTHERS
650 _aMARYLAND ESTATES LTD V JOSEPH AND ANOTHER
650 _aPOSSESSION PROCEEDINGS
650 _aRELIEF FROM FORFEITURE
650 _aRENT ARREARS
650 _aSERVING NOTICES
650 _aSURETIES LIABILITY
690 _aLandlord and tenant
_96252
942 _n0
948 _c28/10/1998
999 _c56505
_d56505